00000000nam 2200000zi 4500
0019.953031
003CaOODSP
00520250821134031
006m     o  d f      
007cr |n|||||||||
008250709e199505##abcdab  obt  f|0| 0 eng d
040 |aCaOODSP|beng|erda|cCaOODSP
043 |an-cn-ab
0861 |aDR52-2/15-1995E-PDF
1001 |aMcAndless, J. M., |d1942- |eauthor.
24510|aProject Swiftsure final report : |bdestruction of chemical agent waste at Defence Research Establishment Suffield / |cprepared for : Research and Development Branch, Department of National Defense ; prepared by : J.M. McAndless.
264 1|aMedicine Hat, Alberta : |bDefence Research Establishment Suffield, |cMay 1995.
300 |a1 online resource (1 volume (various pagings)) : |bcharts, illustrations, maps.
336 |atext|btxt|2rdacontent
337 |acomputer|bc|2rdamedia
338 |aonline resource|bcr|2rdacarrier
4901 |aSuffield special publication ; |vNo. 170
500 |aDigitized edition from print [produced by Defence Research and Development Canada].
500 |a"Unclassified."
500 |a"Unlimited distribution."
504 |aIncludes bibliographical references.
520 |a"The Department of National Defence (DND) recently completed a three-year project at the Defence Research Establishment Suffield (DRES) to safely destroy old chemical warfare agent waste which has been stored for many years on the DRES Experimental Proving Ground range. This project, codenamed Swiftsure, was the culmination of numerous clean-up and chemical agent disposal programs which have been on-going at DRES since World War II"--Introduction, page 1.
650 0|aChemical weapons disposal|zAlberta|zSuffield.
650 0|aEnvironmental impact analysis|zAlberta|zSuffield.
650 6|aArmes chimiques|xÉlimination|zAlberta|zSuffield.
650 6|aEnvironnement|xÉtudes d'impact|zSuffield.
7102 |aDefence Research Establishment Suffield, |eissuing body.
830#0|aSuffield special publication ;|vNo. 170.|w(CaOODSP)9.926017
85640|qPDF|s21 MB|uhttps://publications.gc.ca/collections/collection_2025/rddc-drdc/DR52-2-15-1995-eng.pdf
986 |aDRES-SSP-170